[Event "41 Indiv. Ch. Greece-Men U20 "]
[Site "?"]
[Date "2009.01.04"]
[Round "4.2"]
[White "Panagiotakopoulos, Gerasimos"]
[Black "Pavlidis, Anastasios"]
[Result "1-0"]
[WhiteElo "2096"]
[BlackElo "2371"]
[PlyCount "101"]
[EventDate "2009.01.02"]

1. e4 c5 2. Nf3 e6 3. b3 d5 4. exd5 exd5 5. Bb5+ Bd7 6. Bxd7+ Nxd7 7. O-O Be7
8. Re1 Ngf6 9. Qe2 Rc8 10. Ba3 Kf8 11. Nc3 Bd6 12. d4 g6 13. Ne5 Bb8 14. Qf3
Kg7 15. Nxd5 Nxe5 16. dxe5 Nxd5 17. Rad1 Qa5 18. b4 Qa6 19. Rxd5 Rhe8 20. bxc5
Kg8 21. Rd7 Qe6 22. Rxb7 f6 23. Qe3 Bxe5 24. Rxa7 Qc6 25. Qb3+ Qe6 26. Qb7 Rc7
27. Qxc7 Bxc7 28. Rxe6 Rxe6 29. Bb4 Be5 30. Kf1 h5 31. h4 g5 32. g3 gxh4 33.
gxh4 f5 34. a4 f4 35. Kg2 Bf6 36. Kf3 Bxh4 37. Bc3 Be7 38. Bd4 Kf7 39. Kxf4 h4
40. Kf3 h3 41. Kg3 Re4 42. Be3 Rg4+ 43. Kxh3 Rg8 44. Rb7 Ke6 45. Rb4 Bf6 46.
Rg4 Rh8+ 47. Kg2 Rc8 48. Kf3 Be7 49. Ke2 Kd5 50. Kd3 Rd8 51. Rd4+ 1-0

[Event "41 Indiv. Ch. Greece-Men U20 "]
[Site "?"]
[Date "2009.01.04"]
[Round "4.3"]
[White "Aggelis, Nikolaos"]
[Black "Ketzetzis, Georgios"]
[Result "1-0"]
[WhiteElo "2301"]
[BlackElo "2243"]
[PlyCount "120"]
[EventDate "2009.01.02"]

1. Nf3 Nf6 2. d4 e6 3. g3 d5 4. Bg2 b5 5. O-O Bb7 6. b3 Nbd7 7. c4 dxc4 8. bxc4
bxc4 9. Qa4 Bd6 10. Na3 O-O 11. Nxc4 Nb6 12. Nxb6 axb6 13. Qb3 Bd5 14. Qc2 Qd7
15. Bb2 Qa4 16. Qxa4 Rxa4 17. a3 Rfa8 18. Rfc1 Ne8 19. Ne5 Bxg2 20. Kxg2 Bxa3
21. Bxa3 Rxa3 22. Rab1 f6 23. Nc6 Ra2 24. Kf3 Kf7 25. Nb4 R8a3+ 26. e3 Rd2 27.
h4 Ke7 28. Ra1 Rb3 29. Nc6+ Kf8 30. Nd8 Rbb2 31. Nxe6+ Ke7 32. Nxg7 Nxg7 33.
Rxc7+ Ke6 34. Rxg7 f5 35. Rf1 b5 36. Rxh7 b4 37. Rb7 Kf6 38. Rb6+ Kf7 39. Kf4
Rxf2+ 40. Rxf2 Rxf2+ 41. Ke5 Rf3 42. Rxb4 Rxe3+ 43. Kf4 Rd3 44. Rb5 Rxd4+ 45.
Kxf5 Kg7 46. g4 Ra4 47. h5 Ra7 48. Kg5 Kh7 49. h6 Rc7 50. Kh5 Kg8 51. Rg5+ Kh8
52. Re5 Kh7 53. g5 Rc8 54. Rd5 Ra8 55. g6+ Kh8 56. Kg5 Rb8 57. Rd6 Ra8 58. Kf6
Rg8 59. Ke7 Rf8 60. g7+ Kh7 1-0

[Event "41 Indiv. Ch. Greece-Men U20 "]
[Site "?"]
[Date "2009.01.04"]
[Round "4.4"]
[White "Lakafosis, Ioannis"]
[Black "Bizopoulos, Alexandros"]
[Result "0-1"]
[WhiteElo "1930"]
[BlackElo "2146"]
[PlyCount "46"]
[EventDate "2009.01.02"]

1. Nf3 c5 2. c4 Nc6 3. d4 cxd4 4. Nxd4 g6 5. Nc3 Bg7 6. Nc2 d6 7. e4 Nh6 8. Be2
f5 9. O-O O-O 10. f4 Be6 11. Be3 Rc8 12. Qd2 Qa5 13. Rab1 fxe4 14. b4 Bxc3 15.
Qxc3 Qd8 16. Rbd1 Bg4 17. f5 Bxe2 18. Bxh6 Rf6 19. Bg5 Rf7 20. fxg6 Rxf1+ 21.
Rxf1 Bxf1 22. Qh3 hxg6 23. Qh6 Ne5 0-1

[Event "41 Indiv. Ch. Greece-Men U20 "]
[Site "?"]
[Date "2009.01.04"]
[Round "4.5"]
[White "Drakakis, Georgios"]
[Black "Skoulakis, Charalambos"]
[Result "0-1"]
[WhiteElo "1754"]
[BlackElo "2068"]
[PlyCount "86"]
[EventDate "2009.01.02"]

1. e4 e6 2. d4 d5 3. Nd2 Nf6 4. e5 Nfd7 5. Bd3 c5 6. c3 Nc6 7. Ne2 Qb6 8. Nf3
cxd4 9. cxd4 f6 10. exf6 Nxf6 11. O-O Bd6 12. Nc3 O-O 13. Be3 Bd7 14. Rc1 a6
15. Bg5 Kh8 16. Bb1 Qxb2 17. Bxf6 Rxf6 18. Qd3 g6 19. Ng5 Bf4 20. Rc2 Qb6 21.
Nf3 Nb4 22. Rb2 Qd6 23. Qd1 Rc8 24. Ne2 Bb5 25. Re1 Bxe2 26. Qxe2 b5 27. a3 Nc6
28. a4 e5 29. dxe5 Nxe5 30. g3 Nxf3+ 31. Qxf3 Be5 32. Qg4 Rc4 33. Qe2 Bxb2 34.
Qxb2 Rb4 35. Qd2 Rxa4 36. Ba2 Re4 37. Rd1 d4 38. Qd3 Qe5 39. Rd2 Re1+ 40. Kg2
Qe4+ 41. Qxe4 Rxe4 42. Bb1 Re1 43. Ba2 Rd6 0-1

[Event "41 Indiv. Ch. Greece-Men U20 "]
[Site "?"]
[Date "2009.01.04"]
[Round "4.6"]
[White "Papadimitriou, Athanasios"]
[Black "Malamatas, Konstantinos"]
[Result "1/2-1/2"]
[WhiteElo "2046"]
[BlackElo "1968"]
[PlyCount "91"]
[EventDate "2009.01.02"]

1. Nf3 g6 2. g3 Bg7 3. c4 d6 4. Bg2 Nf6 5. O-O O-O 6. Nc3 Nbd7 7. d3 e5 8. Rb1
a5 9. a3 h6 10. b4 axb4 11. axb4 Ne8 12. Qb3 Kh7 13. Ba3 f5 14. c5 Nef6 15.
cxd6 cxd6 16. b5 Qb6 17. Nd2 Nc5 18. Bxc5 Qxc5 19. Rfc1 Ng4 20. Nce4 Qd4 21. e3
Nxe3 22. Nf3 Qb6 23. fxe3 fxe4 24. dxe4 Bd7 25. Nd2 h5 26. Rf1 Rac8 27. Rxf8
Rxf8 28. Bf1 Bh6 29. Re1 Qc5 30. Bc4 Kg7 31. Nf1 Ra8 32. Bd5 Ra3 33. Qb2 Bxe3+
34. Nxe3 Rxe3 35. Rxe3 Qxe3+ 36. Qf2 Qxf2+ 37. Kxf2 Bxb5 38. Bxb7 Bc4 39. h4
Kf6 40. Ke3 Be6 41. Bc6 Ke7 42. Kd3 Bf7 43. Kc3 Kd8 44. Ba4 Kc7 45. Bc2 Kb6 46.
Kb4 1/2-1/2

[Event "41 Indiv. Ch. Greece-Men U20 "]
[Site "?"]
[Date "2009.01.04"]
[Round "4.7"]
[White "Papadopoulos, Georgios"]
[Black "Tzouganakis, Panteleimon"]
[Result "0-1"]
[WhiteElo "1664"]
[BlackElo "2023"]
[PlyCount "114"]
[EventDate "2009.01.02"]

1. e4 c5 2. Nc3 d6 3. Bc4 Nf6 4. f4 e6 5. Nf3 a6 6. a4 d5 7. exd5 exd5 8. Ba2
Be7 9. d4 c4 10. O-O O-O 11. Ne2 Ne4 12. c3 b5 13. Bb1 Bb7 14. axb5 axb5 15.
Rxa8 Bxa8 16. Ng3 f5 17. Ne5 Nd7 18. Qh5 Nxe5 19. fxe5 g6 20. Qh3 Bg5 21. Nxe4
dxe4 22. Bf4 Bxf4 23. Rxf4 b4 24. Rf1 b3 25. Qg3 Bd5 26. h4 Qe7 27. Qf4 Kg7 28.
Re1 h6 29. Re3 g5 30. Rg3 g4 31. h5 Qg5 32. Qxg5+ hxg5 33. Re3 Kh6 34. Re1 Kxh5
35. g3 Kg6 36. Re3 Rh8 37. Kg2 Rh3 38. Kg1 Kg7 39. Kg2 f4 40. Bxe4 Rxg3+ 41.
Rxg3 Bxe4+ 42. Kf2 fxg3+ 43. Kxg3 Kg6 44. Kxg4 Bd5 45. Kg3 Kf5 46. Kf2 Kf4 47.
Kg1 g4 48. Kf2 Ke4 49. Kg3 Be6 50. Kf2 Kd3 51. Kg3 Kc2 52. d5 Bxd5 53. Kxg4
Kxb2 54. Kf5 Kxc3 55. e6 b2 56. Ke5 Bxe6 57. Kxe6 b1=Q 0-1

[Event "41 Indiv. Ch. Greece-Men U20 "]
[Site "?"]
[Date "2009.01.04"]
[Round "4.8"]
[White "Panagiotakos, Nikolaos"]
[Black "Xylogiannopoulos, Antonios"]
[Result "1/2-1/2"]
[WhiteElo "2145"]
[BlackElo "1964"]
[PlyCount "68"]
[EventDate "2009.01.02"]

1. e4 e6 2. d4 d5 3. Nc3 Nf6 4. Bg5 Be7 5. e5 Nfd7 6. Bxe7 Qxe7 7. f4 a6 8. Nf3
c5 9. Qd2 Nc6 10. O-O-O c4 11. f5 b5 12. Be2 Nb6 13. f6 Qf8 14. fxg7 Qxg7 15.
Rhf1 b4 16. Nb1 h6 17. c3 a5 18. Nh4 Na4 19. Bh5 Ra7 20. Nf3 Rb7 21. Qc2 bxc3
22. Qxa4 cxb2+ 23. Kd2 Bd7 24. g4 Nxe5 25. Qxa5 Nxf3+ 26. Rxf3 Qxd4+ 27. Ke2
Qe4+ 28. Kf2 O-O 29. Rf1 d4 30. Bxf7+ Rxf7 31. Qd8+ Be8 32. Qxe8+ Kg7 33. Kg3
Rxf3+ 34. Rxf3 Qxb1 1/2-1/2

[Event "41 Indiv. Ch. Greece-Men U20 "]
[Site "?"]
[Date "2009.01.04"]
[Round "4.9"]
[White "Tsiropoulas, Apostolos"]
[Black "Mihopoulos, Konstantinos"]
[Result "1/2-1/2"]
[WhiteElo "1994"]
[BlackElo "1913"]
[PlyCount "70"]
[EventDate "2009.01.02"]

1. e4 c5 2. Nf3 Nc6 3. d4 cxd4 4. Nxd4 Nf6 5. Nc3 e6 6. Ndb5 Bb4 7. a3 Bxc3+ 8.
Nxc3 d5 9. exd5 exd5 10. Bb5 O-O 11. Bxc6 bxc6 12. O-O Bf5 13. Ne2 Bg6 14. f3
Qb6+ 15. Kh1 Bh5 16. b4 a5 17. Qd4 Qb5 18. Ng3 Bg6 19. Bg5 Nh5 20. Nxh5 Bxh5
21. Bd2 axb4 22. axb4 f6 23. Rfe1 Rxa1 24. Qxa1 Qc4 25. c3 c5 26. bxc5 Qxc5 27.
Be3 Qc7 28. Bd4 Bf7 29. Qa3 Re8 30. Rxe8+ Bxe8 31. Qa8 Qd7 32. Qa2 h5 33. Qf2
Qf5 34. h4 Bb5 35. Qg3 Bc4 1/2-1/2

[Event "41 Indiv. Ch. Greece-Men U20 "]
[Site "?"]
[Date "2009.01.04"]
[Round "4.10"]
[White "Chrysomallis, Theodoros"]
[Black "Stathopoulos, Ioannis"]
[Result "0-1"]
[WhiteElo "1985"]
[BlackElo "1799"]
[PlyCount "92"]
[EventDate "2009.01.02"]

1. e4 c6 2. d4 d5 3. exd5 cxd5 4. Bd3 Nc6 5. c3 Nf6 6. Bf4 Bg4 7. Qb3 Qc8 8.
Nd2 e6 9. Ngf3 Be7 10. O-O O-O 11. h3 Bh5 12. Rae1 Bg6 13. Bxg6 hxg6 14. Ne5 a6
15. Nxc6 bxc6 16. Rc1 Ra7 17. Qc2 Qd7 18. Be5 Rc8 19. b4 a5 20. a3 axb4 21.
axb4 Rca8 22. Rb1 Ra2 23. Rb2 Qa7 24. Rfb1 Nd7 25. Rxa2 Qxa2 26. Rb2 Qa1+ 27.
Rb1 Qa2 28. Rb2 Qa6 29. Bc7 Nb6 30. Bxb6 Qxb6 31. Nb3 Qb5 32. Ra2 Ra4 33. Na5
Rxa2 34. Qxa2 Qa6 35. Qa4 Qe2 36. Qxc6 Qe1+ 37. Kh2 Bh4 38. Qe8+ Kh7 39. Qxf7
Bxf2 40. Qxf2 Qxf2 41. Nc6 Qf4+ 42. Kh1 Qc1+ 43. Kh2 Qxc3 44. Nd8 Qxd4 45. Nxe6
Qxb4 46. Ng5+ Kg8 0-1

[Event "41 Indiv. Ch. Greece-Men U20 "]
[Site "?"]
[Date "2009.01.03"]
[Round "3.1"]
[White "Kanakaris, Georgios"]
[Black "Papadimitriou, Athanasios"]
[Result "1-0"]
[WhiteElo "2359"]
[BlackElo "2046"]
[PlyCount "101"]
[EventDate "2009.01.02"]

1. d4 d5 2. c4 c6 3. Nf3 g6 4. Nc3 Bg7 5. e3 Nf6 6. Be2 O-O 7. O-O Bg4 8. Ne5
Bxe2 9. Qxe2 Nbd7 10. f4 dxc4 11. Nxc4 Nb6 12. Ne5 Nfd5 13. Rd1 Qc7 14. e4 Nxc3
15. bxc3 Rfe8 16. Be3 Rad8 17. a4 a5 18. Qa2 e6 19. Rab1 c5 20. Qb3 Bxe5 21.
fxe5 Nd7 22. Rf1 cxd4 23. cxd4 b6 24. Bg5 Rc8 25. Qf3 Rf8 26. Rbc1 Qb7 27. Rxc8
Qxc8 28. Bh6 Qc4 29. Qf2 f5 30. Rc1 Qxa4 31. Bxf8 Nxf8 32. exf5 gxf5 33. Qh4
Qd7 34. Qf2 a4 35. Qb2 b5 36. Qb4 Ng6 37. Rc5 Nf4 38. Rxb5 Qxd4+ 39. Qxd4 Ne2+
40. Kf2 Nxd4 41. Ra5 Nc6 42. Ra6 Nb4 43. Rxa4 Nd3+ 44. Ke3 Nxe5 45. Kf4 Nd7 46.
Ra7 Nf8 47. Ke5 h6 48. g3 Kh8 49. Kf6 Kg8 50. Ra8 h5 51. Ke7 1-0

[Event "41 Indiv. Ch. Greece-Men U20 "]
[Site "?"]
[Date "2009.01.03"]
[Round "3.2"]
[White "Skoulakis, Charalambos"]
[Black "Stavrianakis, Ioannis"]
[Result "0-1"]
[WhiteElo "2068"]
[BlackElo "2214"]
[PlyCount "96"]
[EventDate "2009.01.02"]

1. e4 e6 2. d4 d5 3. Nd2 Nf6 4. e5 Nfd7 5. Bd3 c5 6. c3 Nc6 7. Ngf3 Qb6 8. O-O
g6 9. a3 Bg7 10. Re1 O-O 11. Ra2 a5 12. Qe2 cxd4 13. cxd4 Nxd4 14. Nxd4 Qxd4
15. Nf3 Qb6 16. Be3 Qb3 17. Raa1 Nxe5 18. Nxe5 Bxe5 19. Bc5 Bg7 20. Bxf8 Kxf8
21. Qe3 Kg8 22. Rac1 Qxb2 23. Rc7 e5 24. Qc5 Be6 25. Rb1 Qd2 26. Bf1 Bf8 27.
Qb6 Bxa3 28. Qxb7 Rf8 29. Rb6 Qh6 30. Qa6 Re8 31. Qxa5 Bf8 32. Qa4 Rd8 33. Qa6
Qf4 34. Rc3 e4 35. g3 Qe5 36. Qa5 Ra8 37. Qxa8 Qxc3 38. Rb8 Qc5 39. Rb5 Qd6 40.
Qb7 h5 41. Rb1 Bg7 42. Rd1 Qe5 43. Re1 Qc3 44. Qb1 Bd4 45. Bg2 Qd2 46. Rf1 Bg4
47. Qe1 Qb2 48. Qb1 Bxf2+ 0-1

[Event "41 Indiv. Ch. Greece-Men U20 "]
[Site "?"]
[Date "2009.01.03"]
[Round "3.3"]
[White "Malamatas, Konstantinos"]
[Black "Panagiotakopoulos, Gerasimos"]
[Result "0-1"]
[WhiteElo "1968"]
[BlackElo "2096"]
[PlyCount "96"]
[EventDate "2009.01.02"]

1. e4 c5 2. Nf3 d6 3. d4 cxd4 4. Nxd4 Nf6 5. Nc3 g6 6. Be3 Bg7 7. Bc4 O-O 8.
Bb3 Nc6 9. f3 Bd7 10. Qd2 Qa5 11. O-O-O Rfc8 12. g4 Ne5 13. h4 b5 14. h5 Nc4
15. Bxc4 bxc4 16. hxg6 fxg6 17. Bh6 Bh8 18. g5 Nh5 19. Rxh5 gxh5 20. Qg2 Kf7
21. Qh2 Rg8 22. Qxh5+ Rg6 23. f4 e6 24. f5 exf5 25. exf5 Bxf5 26. Nxf5 Bxc3 27.
Qf3 Bxb2+ 28. Kxb2 Rb8+ 29. Kc1 Qe5 30. Nxd6+ Kg8 31. Qf7+ Kh8 32. Qe8+ Qxe8
33. Nxe8 Rxe8 34. Kb2 Rc6 35. Kc3 Rc7 36. Rd6 Rec8 37. a4 Kg8 38. Rf6 Rc6 39.
Rf5 Ra6 40. a5 Rac6 41. Rd5 Rc5 42. Rd7 Rxa5 43. Kb4 Ra2 44. Bg7 Rxc2 45. Rxa7
c3 46. Bf6 Rb2+ 47. Ka3 Rb1 48. Rg7+ Kf8 0-1

[Event "41 Indiv. Ch. Greece-Men U20 "]
[Site "?"]
[Date "2009.01.03"]
[Round "3.4"]
[White "Chrysomallis, Theodoros"]
[Black "Pavlidis, Anastasios"]
[Result "0-1"]
[WhiteElo "1985"]
[BlackElo "2371"]
[PlyCount "78"]
[EventDate "2009.01.02"]

1. e4 c5 2. Nf3 d6 3. d4 Nf6 4. dxc5 Nxe4 5. cxd6 Nc6 6. Bd3 Nxd6 7. h3 g6 8.
O-O Bg7 9. Nbd2 O-O 10. Nc4 Nb4 11. Nxd6 Qxd6 12. a3 Nxd3 13. Qxd3 Qxd3 14.
cxd3 b6 15. d4 Bb7 16. Be3 Rfd8 17. Rfd1 Rac8 18. Rac1 e6 19. Rc3 Rxc3 20. bxc3
Rc8 21. Bd2 f6 22. Be1 Rc4 23. Ra1 b5 24. Kf1 a5 25. Bd2 Bf8 26. Ke2 Ra4 27.
Bc1 b4 28. Bb2 bxa3 29. Bc1 e5 30. dxe5 fxe5 31. Be3 Bd5 32. Ne1 Rc4 33. Kd3
Rc8 34. Bc1 a2 35. Bb2 Rb8 36. c4 e4+ 37. Kd4 Bxc4 38. Kxc4 Rxb2 39. f3 Bg7 0-1

[Event "41 Indiv. Ch. Greece-Men U20 "]
[Site "?"]
[Date "2009.01.03"]
[Round "3.5"]
[White "Stathopoulos, Ioannis"]
[Black "Aggelis, Nikolaos"]
[Result "0-1"]
[WhiteElo "1799"]
[BlackElo "2301"]
[PlyCount "44"]
[EventDate "2009.01.02"]

1. c4 Nf6 2. Nc3 d5 3. cxd5 Nxd5 4. g3 g6 5. Bg2 Nxc3 6. bxc3 Bg7 7. Nf3 O-O 8.
O-O c5 9. Rb1 Nc6 10. Qa4 Qc7 11. Ba3 Nd8 12. Ng5 Bd7 13. Qc4 Rc8 14. Ne4 b6
15. Qa6 Bc6 16. Rfc1 Bb7 17. Qb5 Bc6 18. Qa6 f5 19. Ng5 Bxg2 20. Kxg2 h6 21.
Qc4+ Kh8 22. Ne6 Qc6+ 0-1

[Event "41 Indiv. Ch. Greece-Men U20 "]
[Site "?"]
[Date "2009.01.03"]
[Round "3.6"]
[White "Ketzetzis, Georgios"]
[Black "Panagiotakos, Nikolaos"]
[Result "1-0"]
[WhiteElo "2243"]
[BlackElo "2145"]
[PlyCount "31"]
[EventDate "2009.01.02"]

1. e4 e5 2. Nf3 Nf6 3. d4 exd4 4. e5 Ne4 5. Qxd4 d5 6. exd6 Nxd6 7. Nc3 Nc6 8.
Qf4 Be7 9. Be3 Be6 10. O-O-O a6 11. h4 Qd7 12. Ne4 Nb4 13. Nc5 Nxa2+ 14. Kb1
Qc8 15. Nxe6 Qxe6 16. Qa4+ 1-0

[Event "41 Indiv. Ch. Greece-Men U20 "]
[Site "?"]
[Date "2009.01.03"]
[Round "3.7"]
[White "Bizopoulos, Alexandros"]
[Black "Tsironis, Panteleimon"]
[Result "1-0"]
[WhiteElo "2146"]
[BlackElo "1577"]
[PlyCount "27"]
[EventDate "2009.01.02"]

1. Nf3 d5 2. c4 e6 3. g3 Nf6 4. Bg2 c5 5. O-O b6 6. cxd5 exd5 7. d4 Bb7 8. Nc3
Nc6 9. Bg5 Be7 10. dxc5 bxc5 11. Bxf6 Bxf6 12. Nxd5 Bxb2 13. Rb1 Ne7 14. Nxe7
1-0

[Event "41 Indiv. Ch. Greece-Men U20 "]
[Site "?"]
[Date "2009.01.03"]
[Round "3.8"]
[White "Tzouganakis, Panteleimon"]
[Black "Kalofonos, Panayotis"]
[Result "1-0"]
[WhiteElo "2023"]
[BlackElo "1413"]
[PlyCount "33"]
[EventDate "2009.01.02"]

1. e4 e5 2. Bc4 Nf6 3. d3 Nc6 4. Nf3 Bc5 5. O-O d6 6. c3 O-O 7. Bb3 Bg4 8. h3
Bh5 9. Nbd2 Re8 10. Re1 Qd7 11. Nf1 h6 12. Ng3 Bg6 13. Nh4 Bh7 14. Qf3 Ne7 15.
Bxh6 Nxe4 16. Qxf7+ Kh8 17. Bxg7# 1-0

[Event "41 Indiv. Ch. Greece-Men U20 "]
[Site "?"]
[Date "2009.01.03"]
[Round "3.9"]
[White "Bekakos, Mihail"]
[Black "Tsiropoulas, Apostolos"]
[Result "1/2-1/2"]
[WhiteElo "1628"]
[BlackElo "1994"]
[PlyCount "47"]
[EventDate "2009.01.02"]

1. e4 e6 2. d4 d5 3. Nc3 Nf6 4. Bg5 Be7 5. e5 Nfd7 6. h4 Nc6 7. Qg4 Bxg5 8.
hxg5 Qe7 9. g6 f5 10. Qf4 h6 11. O-O-O Nf8 12. Qg3 Bd7 13. Nge2 O-O-O 14. Nf4
Rg8 15. Qf3 Be8 16. g4 Bxg6 17. Bh3 fxg4 18. Bxg4 Kb8 19. Rdg1 Nxd4 20. Nxg6
Qg5+ 21. Qe3 Nxg6 22. Rh5 Qf4 23. Bh3 Nc6 24. Rxg6 1/2-1/2

[Event "41 Indiv. Ch. Greece-Men U20 "]
[Site "?"]
[Date "2009.01.03"]
[Round "2.1"]
[White "Tsiropoulas, Apostolos"]
[Black "Kanakaris, Georgios"]
[Result "0-1"]
[WhiteElo "1994"]
[BlackElo "2359"]
[PlyCount "72"]
[EventDate "2009.01.02"]

1. e4 c5 2. Nf3 d6 3. d4 cxd4 4. Nxd4 Nf6 5. Nc3 a6 6. Be3 e5 7. Nb3 Be6 8. Qd2
Be7 9. O-O-O Nbd7 10. f4 b5 11. f5 Bc4 12. Kb1 O-O 13. g4 Nxg4 14. Rg1 Nxe3 15.
Qxe3 Kh8 16. Nc1 Rc8 17. Bxc4 Rxc4 18. N1e2 Nf6 19. b3 Rc6 20. Nd5 Nxd5 21.
Rxd5 Qa5 22. Qg3 Bf6 23. Kb2 Rfc8 24. c3 Qb6 25. Rgd1 Rb8 26. h4 a5 27. h5 h6
28. Qd3 Be7 29. Rd2 a4 30. b4 a3+ 31. Kb1 Rc4 32. Qf3 Rd8 33. R2d3 Bg5 34. Qg2
Qa6 35. Ng1 Qa4 36. Nh3 Qxb4+ 0-1

[Event "41 Indiv. Ch. Greece-Men U20 "]
[Site "?"]
[Date "2009.01.03"]
[Round "2.2"]
[White "Stavrianakis, Ioannis"]
[Black "Tzouganakis, Panteleimon"]
[Result "1-0"]
[WhiteElo "2214"]
[BlackElo "2023"]
[PlyCount "87"]
[EventDate "2009.01.02"]

1. d4 Nf6 2. Bg5 Ne4 3. Bf4 c5 4. f3 Nf6 5. d5 Qb6 6. e4 e6 7. Bc1 d6 8. c4
exd5 9. cxd5 g6 10. Na3 Nbd7 11. Nc4 Qc7 12. a4 Ne5 13. Bd2 Nxc4 14. Bxc4 Bg7
15. Bc3 O-O 16. Ne2 Nd7 17. f4 Re8 18. Qd3 Nb6 19. Bxg7 Kxg7 20. O-O Nxc4 21.
Qxc4 Qe7 22. Ng3 h5 23. Qc3+ Qf6 24. e5 dxe5 25. Rae1 e4 26. Qxf6+ Kxf6 27.
Nxe4+ Kg7 28. Nxc5 Bf5 29. Nxb7 Bd3 30. Rxe8 Rxe8 31. Rd1 Bc2 32. Rd4 Rb8 33.
d6 Bxa4 34. d7 Bxd7 35. Rxd7 Kf6 36. b3 Rc8 37. Na5 Rc1+ 38. Kf2 a6 39. Nc4
Rc2+ 40. Nd2 a5 41. Ke2 Ra2 42. Rd4 Ke6 43. Ra4 Rxa4 44. bxa4 1-0

[Event "41 Indiv. Ch. Greece-Men U20 "]
[Site "?"]
[Date "2009.01.03"]
[Round "2.3"]
[White "Malamatas, Konstantinos"]
[Black "Bizopoulos, Alexandros"]
[Result "1-0"]
[WhiteElo "1968"]
[BlackElo "2146"]
[PlyCount "77"]
[EventDate "2009.01.02"]

1. e4 c5 2. Nf3 e6 3. d4 cxd4 4. Nxd4 Nf6 5. Nc3 Nc6 6. Nxc6 bxc6 7. e5 Nd5 8.
Ne4 Qa5+ 9. c3 f5 10. exf6 Nxf6 11. Nd6+ Bxd6 12. Qxd6 Ba6 13. Bd3 Nd5 14. Qg3
Nxc3 15. Bd2 Bxd3 16. Bxc3 Qf5 17. O-O-O Bb1 18. Rd2 Bxa2 19. Rd3 Rf8 20. Rhd1
Bd5 21. Qxg7 Qxf2 22. R3d2 Qf7 23. Qh6 a5 24. Be5 Qg6 25. Qh4 Rf5 26. Bd6 Qf7
27. Qd4 Qf6 28. Qg4 Qg6 29. Qh4 Qf7 30. Rd4 e5 31. Rg4 Rf6 32. Rg8+ Qxg8 33.
Qxf6 Qf7 34. Qh8+ Qg8 35. Qxe5+ Be6 36. Rf1 Rc8 37. Qh5+ Bf7 38. Re1+ Kd8 39.
Qh4+ 1-0

[Event "41 Indiv. Ch. Greece-Men U20 "]
[Site "?"]
[Date "2009.01.03"]
[Round "2.4"]
[White "Panagiotakos, Nikolaos"]
[Black "Chrysomallis, Theodoros"]
[Result "1/2-1/2"]
[WhiteElo "2145"]
[BlackElo "1985"]
[PlyCount "98"]
[EventDate "2009.01.02"]

1. e4 e5 2. Nf3 Nc6 3. d4 exd4 4. Nxd4 Bc5 5. Nxc6 Qf6 6. Qd2 bxc6 7. Bc4 Ne7
8. O-O O-O 9. Nc3 Bb4 10. Re1 Ng6 11. Bb3 a5 12. a3 Bxc3 13. bxc3 a4 14. Ba2 d6
15. Qd4 Be6 16. f4 Bxa2 17. Rxa2 c5 18. Qxf6 gxf6 19. f5 Ne5 20. Bh6 Rfb8 21.
h3 Kh8 22. Raa1 Rb2 23. Re2 Rab8 24. Kh2 Rb1 25. Rxb1 Rxb1 26. Bf8 Ra1 27. Be7
Kg7 28. Re3 Rxa3 29. Rg3+ Ng6 30. fxg6 fxg6 31. Rf3 f5 32. exf5 gxf5 33. Rxf5
Rxc3 34. Bf6+ Kg6 35. Bxc3 Kxf5 36. Kg3 Ke4 37. Kf2 d5 38. Bb2 c4 39. Ke2 d4
40. Ba3 Kf4 41. Bb2 d3+ 42. cxd3 cxd3+ 43. Kxd3 Kg3 44. Ke4 Kxg2 45. h4 Kh3 46.
Bf6 Kg4 47. Kd4 c5+ 48. Kc3 Kh5 49. Be7 Kg4 1/2-1/2

[Event "41 Indiv. Ch. Greece-Men U20 "]
[Site "?"]
[Date "2009.01.03"]
[Round "2.5"]
[White "Panagiotakopoulos, Gerasimos"]
[Black "Xylogiannopoulos, Antonios"]
[Result "1-0"]
[WhiteElo "2096"]
[BlackElo "1964"]
[PlyCount "119"]
[EventDate "2009.01.02"]

1. e4 c5 2. Nf3 d6 3. d4 cxd4 4. Qxd4 Nc6 5. Bb5 Bd7 6. Bxc6 Bxc6 7. Nc3 Nf6 8.
Bg5 e6 9. O-O-O Be7 10. Rhe1 O-O 11. Kb1 h6 12. Bh4 Re8 13. Qd2 Rc8 14. Qe2 Qa5
15. Nd4 a6 16. Qd2 Qc7 17. Bg3 b5 18. f3 Qb7 19. Nce2 Nd7 20. h4 Nb6 21. Bf2
Nc4 22. Qc1 b4 23. g4 d5 24. Nxc6 Qxc6 25. exd5 exd5 26. Nd4 Qc7 27. Rg1 Bc5
28. g5 h5 29. g6 f6 30. Rde1 Ne5 31. Qd1 Qb6 32. Rg2 f5 33. Reg1 Qc7 34. Nxf5
Qd7 35. Nd4 Rf8 36. Rg5 Bxd4 37. Bxd4 Nxf3 38. Rxh5 Rf5 39. Rh7 Nxg1 40. Rxg7+
Qxg7 41. Bxg7 Kxg7 42. Qxg1 Rcf8 43. Qd4+ Kxg6 44. b3 R8f6 45. Qg4+ Kh6 46.
Qxb4 Kh5 47. Qd4 Rf8 48. Kb2 R8f6 49. a4 Rf8 50. b4 R8f6 51. b5 axb5 52. axb5
Rf4 53. Qxd5+ R6f5 54. Qb3 Rf3 55. c3 Rf1 56. b6 R5f2+ 57. Ka3 Ra1+ 58. Kb4
Rf4+ 59. c4 Rff1 60. Qd3 1-0

[Event "41 Indiv. Ch. Greece-Men U20 "]
[Site "?"]
[Date "2009.01.03"]
[Round "2.6"]
[White "Lakafosis, Ioannis"]
[Black "Skoulakis, Charalambos"]
[Result "0-1"]
[WhiteElo "1930"]
[BlackElo "2068"]
[PlyCount "78"]
[EventDate "2009.01.02"]

1. d4 d5 2. c4 c6 3. Nf3 Nf6 4. Nc3 dxc4 5. a4 Bf5 6. e3 e6 7. Bxc4 Bb4 8. O-O
O-O 9. Qe2 Nbd7 10. e4 Bg6 11. Bd3 Bh5 12. Bf4 Rc8 13. e5 Nd5 14. Nxd5 cxd5 15.
Qe3 Bg6 16. Bxg6 hxg6 17. Rfc1 Nb6 18. Ng5 Be7 19. b3 Qd7 20. Qh3 Bxg5 21. Bxg5
Rxc1+ 22. Rxc1 Rc8 23. Qd3 Rxc1+ 24. Bxc1 Qc7 25. Ba3 Nd7 26. g3 Nb8 27. Qb5
Nc6 28. Qc5 Kh7 29. b4 Qb6 30. f4 Nxd4 31. Kf1 Qxc5 32. bxc5 g5 33. Kf2 gxf4
34. gxf4 Kg6 35. Bb2 Nb3 36. Ba3 Kf5 37. Ke3 Na5 38. Kf3 Nc4 39. Bc1 d4 0-1

[Event "41 Indiv. Ch. Greece-Men U20 "]
[Site "?"]
[Date "2009.01.03"]
[Round "2.8"]
[White "Papadopoulos, Georgios"]
[Black "Ketzetzis, Georgios"]
[Result "0-1"]
[WhiteElo "1664"]
[BlackElo "2243"]
[PlyCount "90"]
[EventDate "2009.01.02"]

1. e4 c6 2. d4 d5 3. Nc3 dxe4 4. Nxe4 Nd7 5. Nf3 Ngf6 6. Ng3 e6 7. Bd3 Bd6 8.
Bd2 b6 9. Qe2 O-O 10. O-O-O Bb7 11. Bc3 Nd5 12. h4 Nf4 13. Qf1 Nf6 14. Ne4 N6d5
15. g3 Nxd3+ 16. Qxd3 Be7 17. Neg5 Nf6 18. Ne5 Qd5 19. Kb1 c5 20. f3 h6 21. g4
c4 22. Qe2 b5 23. Nh3 b4 24. Nf4 Qd6 25. Be1 Nd5 26. Nh5 c3 27. b3 Qa6 28. Qxa6
Bxa6 29. Ng3 Bb5 30. Bf2 a5 31. Ne4 a4 32. g5 axb3 33. cxb3 c2+ 34. Kxc2 Rxa2+
35. Kb1 Rfa8 36. Nc4 Bxc4 37. bxc4 Nc3+ 38. Kc1 Nxe4 39. fxe4 Rxf2 40. Kb1 hxg5
41. hxg5 Raa2 42. Rhg1 b3 43. d5 Bd6 44. Rg4 Be5 45. dxe6 Ra1# 0-1

[Event "41 Indiv. Ch. Greece-Men U20 "]
[Site "?"]
[Date "2009.01.03"]
[Round "2.9"]
[White "Pavlidis, Anastasios"]
[Black "Kafetzis, Georgios"]
[Result "1-0"]
[WhiteElo "2371"]
[BlackElo "1866"]
[PlyCount "79"]
[EventDate "2009.01.02"]

1. d4 Nf6 2. c4 g6 3. Nc3 Bg7 4. e4 d6 5. Nf3 O-O 6. Be2 e5 7. Be3 Nc6 8. d5
Ne7 9. Nd2 Ne8 10. c5 f5 11. cxd6 cxd6 12. f3 f4 13. Bf2 g5 14. a4 Rf6 15. Nb5
a6 16. Na3 Ng6 17. Nac4 h5 18. Nb6 Rb8 19. Rc1 Nh4 20. Rg1 Rg6 21. Nxc8 Rxc8
22. g3 g4 23. gxh4 Rxc1 24. Qxc1 g3 25. hxg3 Bf6 26. Nf1 fxg3 27. Rxg3 Rxg3 28.
Nxg3 Bxh4 29. Qh6 Ng7 30. Qg6 Bxg3 31. Qxg3 Qa5+ 32. Kf1 Qxa4 33. Be3 Kh7 34.
Qg5 Qd7 35. f4 Qa4 36. fxe5 Qxe4 37. exd6 Qh1+ 38. Bg1 Qh3+ 39. Ke1 Qd7 40. Bd4
1-0

[Event "41 Indiv. Ch. Greece-Men U20 "]
[Site "?"]
[Date "2009.01.03"]
[Round "2.10"]
[White "Aggelis, Nikolaos"]
[Black "Mihopoulos, Konstantinos"]
[Result "1-0"]
[WhiteElo "2301"]
[BlackElo "1913"]
[PlyCount "73"]
[EventDate "2009.01.02"]

1. Nf3 Nf6 2. d4 d5 3. g3 c6 4. Bg2 Bg4 5. O-O Nbd7 6. Nbd2 e6 7. b3 Bd6 8. Bb2
Qb8 9. Re1 O-O 10. e4 dxe4 11. Nxe4 Nxe4 12. Rxe4 Nf6 13. Re1 a5 14. a3 c5 15.
Qc1 Bxf3 16. Bxf3 cxd4 17. Bxd4 e5 18. Bb2 Re8 19. c4 Qc7 20. Qe3 Nd7 21. Bd5
Nb6 22. Rad1 Rad8 23. Qc3 Nxd5 24. Rxd5 b6 25. Red1 f6 26. b4 axb4 27. axb4 Be7
28. Qb3 Kf8 29. Ba3 Rxd5 30. Rxd5 Rd8 31. c5 bxc5 32. Rxd8+ Qxd8 33. bxc5 Qd4
34. c6 Qa1+ 35. Kg2 Qe1 36. Bxe7+ Kxe7 37. Qb7+ 1-0